Za Ferdinandom Gunišom

Bibliographic Details
Main Author: Ješková, Ľudmila, 1938- (Author)
Format: Article
Language:Slovak
PhysicalDescription:Fotogr.
ISSN:0862-8823
Subjects:

MARC

LEADER 00000nab a2200000 a 4500
001 vtls000846282
003 SK-MaSNL
005 20260302164759.0
008 160314c xo 0 slo
015 |a SNBRB2003/09-26109 
035 |a CLN000197937 
040 |a SNKBUCL  |b slo  |c SNKBUCL  |e AACR2 
041 0 |a slo 
044 |a xo  |c SK 
080 |a 374.7-051  |2 UDC-MRF-SK2 
080 |a 82:929:821.162.4  |2 UDC-MRF-SK2 
080 |a 821.162.4:929  |2 UDC-MRF-SK2 
080 |a 929 Guniš, Ferdinand  |2 UDC-MRF-SK2 
100 1 |a Ješková, Ľudmila,  |d 1938-  |4 aut  |9 11819 
245 1 0 |a Za Ferdinandom Gunišom  |c Ľudmila Ješková 
300 |b Fotogr. 
600 1 7 |a Guniš, Ferdinand,  |d 1919-2003  |2 snkbucl  |9 174343 
773 0 |x 0862-8823  |t Slovenské národné noviny  |g Roč. 14(18), č. 18 (2003), s. 10 
850 |a Slovenská národná knižnica v Martine 
852 |a SNK  |b KIS3GCP 
958 |a BX 
958 |a LX 
958 |a RBX 
999 |c 1387863  |d 1389793